00987nam a22002297a 4500003000400000005001700004008004100021040000900062100003600071245010900107260003300216502009600249610002900345650002800374650003500402650004600437710004900483856006600532942001500598999001500613952012900628OSt20151026133603.0130715s2013 sp ||||| |||| 00| 0 spa d cCDMR1 93938aBellón Rodríguez, Ana10a20 Minutosb: tres productos y un modelo de redaccióncAna Bellón Rodríguezh[recurs electrònic] c2013aSantiago de Compostela aTesi doctoral defensada el dia 12 de març de 2013cUniversidade de Santiago de Compostela2 93939a20 minutos (Diari)0493940aPremsa gratuïta049311aEmpreses periodístiques0492994aTesis i dissertacions acadèmiques2 93681aUniversidade de Santiago de Compostela40uhttp://hdl.handle.net/10347/7505yDisponible en línia (USC) 2udccTSN-E c6591d6591 00104070aCDMRbCDMRd2013-07-15l0pCDMR13096908r2013-07-15yTSN-EzTesi dispositada al Repositorio Institucional da USC